• 首页
  • 本馆介绍
  • 公告通知
  • 最新文献
  • 馆藏检索
  • 电子资源
  • 读者导购
  • 参考咨询
  • 我的图书馆
  • 登录
  • 详细信息显示
  • 放入我的书架
  • 预约/预借图书
  • 作者相关作品
  • 分类相关作品
  • 丛书相关作品
  • 出版社相关作品

书目信息

  • 表格格式
  • 工作单格式
  • 卡片格式
题名:
泰山型拖拉机的构造使用与保养 下
    
 
作者: 本书组编
分册:  
出版信息: 济南   山东人民出版社  1976.04
页数: 229页
开本: 20cm
丛书名: 农业机械化丛书
单 册:
中图分类: TH238
科图分类:
主题词: 起重机械 , 运输机械
电子资源:
ISBN:
000 00775nam0 2200229 450
001 0857934898
005 20081009161002.01
010    @dCNY0.55
100    @a20081009d1976 km y0chiy0120 ea
101 0  @achi
102    @aCN@b370000
200 1  @a泰山型拖拉机的构造使用与保养 下@Atai shan xing tuo la ji de gou zao shi yong yu bao yang xia@e底盘 电气设备 使用与保养部分@f本书组编@Fben shu zu bian
210    @a济南@c山东人民出版社@d1976.04
215    @a229页@d20cm
225 2  @a农业机械化丛书
410  0 @12001 @a农业机械化丛书
517 1  @a底盘 电气设备 使用与保养部分@Adi pan dian qi she bei shi yong yu bao yang bu fen
606 0  @a起重机械
606 0  @a运输机械
690    @aTH238@v4
801  0 @aCN@b大连网信软件有限公司图书馆·11@c20081009
905    @aBZT@dTH238@e1
    
    泰山型拖拉机的构造使用与保养 下:底盘 电气设备 使用与保养部分/本书组编.-济南:山东人民出版社,1976.04
    229页;20cm.-(农业机械化丛书)
    
    
    ISBN :CNY0.55
    
●
相关链接 在五车中查询图书 在当当中查询图书 在豆瓣中查询图书


正题名:泰山型拖拉机的构造使用与保养 下     索取号:TH238/1         预约/预借

序号 登录号 条形码 馆藏地/架位号 状态 备注
1 011044   201253918   中心书库中库/ 中库030架A面3列1层7/ [索取号:TH238/1] 在馆    
山东省滨州职业学院图书馆 欢迎您!
大连网信软件有限公司© 版权所有